National Culture Fund and Archaeological Survey of India (Record no. 79094)

MARC details
000 -LEADER
fixed length control field 00918nam a22002537a 4500
005 - DATE AND TIME OF LATEST TRANSACTION
control field 20130905113402.0
010 ## - LCCN (DPL NO)
LC control number ENG-108477
020 ## - INTERNATIONAL STANDARD BOOK NUMBER
Terms of availability 100.00
035 ## - SYSTEM CONTROL NUMBER
System control number EN-92010
037 ## - SOURCE OF ACQUISITION
Source of stock number/acquisition DBAD/PUB
082 ## - DEWEY DECIMAL CLASSIFICATION NUMBER
Classification number 954
100 ## - MAIN ENTRY--PERSONAL NAME
Personal name Badhreenath, Sathyabhama
245 ## - TITLE STATEMENT
Title National Culture Fund and Archaeological Survey of India
260 ## - PUBLICATION, DISTRIBUTION, ETC. (IMPRINT)
Place of publication, distribution, etc New Delhi
Name of publisher, distributor, etc The Survey, Govt. of India,
Date of publication, distribution, etc 2000
270 ## - ADDRESS
City New Delhi
Address Archaeological Survey of India
300 ## - PHYSICAL DESCRIPTION
Extent 43p. :
Other physical details col. ill., map ;
Dimensions 27cm(Hb)
500 ## - GENERAL NOTE
General note "Invite you to participate in the promotion and preservation of India’s heritage"
650 ## - SUBJECT ADDED ENTRY--TOPICAL TERM
Topical term or geographic name as entry element Architecture
Geographic subdivision India
General subdivision Conservation and restoration
650 ## - SUBJECT ADDED ENTRY--TOPICAL TERM
Topical term or geographic name as entry element Temples
Geographic subdivision India
General subdivision Conservation and restoration
650 ## - SUBJECT ADDED ENTRY--TOPICAL TERM
Topical term or geographic name as entry element Architecture, Ancient
Geographic subdivision India
710 ## - ADDED ENTRY--CORPORATE NAME
Corporate name or jurisdiction name as entry element National Culture Fund (India)
710 ## - ADDED ENTRY--CORPORATE NAME
Corporate name or jurisdiction name as entry element Archaeological Survey of India
942 ## - ADDED ENTRY ELEMENTS (KOHA)
Source of classification or shelving scheme Dewey Decimal Classification
Item type English Books
Call number suffix NAT
Classification part 954
Holdings
Withdrawn status Lost status Not for loan Collection code Home library Current library Date acquired Source of acquisition Cost, normal purchase price Full call number Barcode Copy number Cost, replacement price Koha item type
    Not For Loan Non-fiction D.B.Act.Division D.B.Act.Division 05/09/2013 DBAD / PUB 100.00 954 NAT EN-92010 1 100.00 English Books

© Delhi Public Library
Hit Counter
free hit counter